¿Qué debo saber de finanzas para crear mi propia empresa? (Registro nro. 3166)

Detalles MARC
000 -LEADER
fixed length control field 01183 a2200229 4500
001 - CONTROL NUMBER
control field 39951
005 - DATE AND TIME OF LATEST TRANSACTION
control field 20260407155656.0
008 - FIXED-LENGTH DATA ELEMENTS--GENERAL INFORMATION
fixed length control field 260407a1995 arg spa d
003 - CONTROL NUMBER IDENTIFIER
control field AR-UNSa-BCEJYS
040 ## - CATALOGING SOURCE
Original cataloging agency AR-UNSa-BCEJYS
Language of cataloging spa
Transcribing agency AR-UNSa-BCEJYS
080 ## - UNIVERSAL DECIMAL CLASSIFICATION NUMBER
Universal Decimal Classification number 658.15
Common auxiliary subdivision Administración financiera privada. Gestión financiera de empresas<br/>
020 ## - INTERNATIONAL STANDARD BOOK NUMBER
International Standard Book Number 970-15-0017-2
041 ## - LANGUAGE CODE
Language code of text/sound track or separate title spa
100 1# - MAIN ENTRY--PERSONAL NAME
Personal name Sepúlveda Gutiérrez, Pedro Hernán
245 10 - TITLE STATEMENT
Title ¿Qué debo saber de finanzas para crear mi propia empresa?
264 #1 - PRODUCTION, PUBLICATION, DISTRIBUTION, MANUFACTURE, AND COPYRIGHT NOTICE
Place of production, publication, distribution, manufacture México :
Name of producer, publisher, distributor, manufacturer Alfaomega Grupo Editor
Date of production, publication, distribution, manufacture, or copyright notice 1995
300 ## - PHYSICAL DESCRIPTION
Extent xiii, 149 p.
Dimensions 23 cm.
505 ## - FORMATTED CONTENTS NOTE
Formatted contents note 1. La creación - 2. El manejo de la información - 3. El equilibrio fundamental - 4. Un caso con mucha historia: Galileo Galilei, S.A. - 5. La previsión del futuro inmediato - 6. ¿Qué se puede hacer con la banca? - 7. ¿Comó definir la estructura de pasivo más adecuada? - 8. El dimensionamiento adecuado - 9. ¿Qué debo saber de finanzas para tener éxito en la creación de mi empresa?
590 ## - LOCAL NOTE (RLIN)
Local note niveau_biblio:m niveau_hierar:0
856 41 - ELECTRONIC LOCATION AND ACCESS
Uniform Resource Identifier <a href="https://biblioeco.unsa.edu.ar/pmb/images/libros/L125645.jpg">https://biblioeco.unsa.edu.ar/pmb/images/libros/L125645.jpg</a>
Link text Imagen de portada
Electronic format type image/jpeg
942 ## - ADDED ENTRY ELEMENTS (KOHA)
Koha item type
Existencias
Withdrawn status Lost status Damaged status Not for loan Home library Current library Shelving location Date acquired Total checkouts Full call number Barcode Date last seen Price effective from Koha item type
        Biblioteca Prof. Eusebio Cleto del Rey Biblioteca Prof. Eusebio Cleto del Rey   07/04/2026   658.15 S479 L125645 07/04/2026 07/04/2026 Libro